Horšie meno už nemôžeme mať. Minister J. Tóth odpovedá na otázky účastníkov medzinárodnej konferencie.
Odpovede ministra financií SR na medzinárodnej konferencii "Súkromné investície v samostatnom Slovensku" (február 1993) v Bratislave k otázkam colnej únie ČS a SR a oddelenia meny, obmedzení zahraničného obchodu, obchodu misie MMF zo Slovenska a jej ďalších krokoch pri získavaní oficiálnych údajov o...
Gespeichert in:
| 1. Verfasser: | |
|---|---|
| Format: | Buchkapitel |
| Sprache: | Slowakisch |
| Schlagworte: | |
| Tags: |
Keine Tags, Fügen Sie das erste Tag hinzu!
|
MARC
| LEADER | 00000naa a2200000 4500 | ||
|---|---|---|---|
| 001 | r012219 | ||
| 005 | 20220826094934.2 | ||
| 041 | 0 | |a slo | |
| 044 | |a SK | ||
| 245 | 1 | 0 | |a Horšie meno už nemôžeme mať. |b Minister J. Tóth odpovedá na otázky účastníkov medzinárodnej konferencie. |c J. Tóth |
| 520 | |a Odpovede ministra financií SR na medzinárodnej konferencii "Súkromné investície v samostatnom Slovensku" (február 1993) v Bratislave k otázkam colnej únie ČS a SR a oddelenia meny, obmedzení zahraničného obchodu, obchodu misie MMF zo Slovenska a jej ďalších krokoch pri získavaní oficiálnych údajov o slovenskom hospodárstve, odpisovej politike a devalvácii slovenskej koruny. | ||
| 610 | 2 | 0 | |a financie |
| 610 | 2 | 0 | |a Slovensko |
| 610 | 2 | 0 | |a investície zo zahraničia |
| 610 | 2 | 0 | |a Medzinárodný menový fond |
| 610 | 2 | 0 | |a politika finančná |
| 100 | 1 | |a Tóth, J. | |